[Event "Irish Championship 2012"]
[Site "Dublin IRL"]
[Date "2012.07.07"]
[Round "1.2"]
[White "Killane, Jack"]
[Black "Daly, Colm"]
[Result "0-1"]
[BlackTitle "FM"]
[WhiteElo "2011"]
[BlackElo "2327"]
[WhiteICU "1794"]
[BlackICU "2280"]
[WhiteClub "Rathmines"]
[BlackClub "Bray/Greystones"]
[WhiteNationality "IRL"]
[BlackNationality "IRL"]
[WhiteFideId "2500949"]
[BlackFideId "2500434"]
[PlyCount "100"]
[EventDate "2012.07.07"]
[Source "Tournament web site"]

{ Event information: <a
href="https://www.irlchess.com/irlch2012_allfiles/pairings_irlch2012.html">Tournament
report</a>. }

1. e4 g6 2. d4 Bg7 3. Nf3 d6 4. Nc3 c6 5. Be2 a6 6. O-O Nd7 7. Be3 b5 8. a3
Ngf6 9. h3 O-O 10. Qd2 Qc7 11. Bh6 e5 12. Bxg7 Kxg7 13. Rad1 Re8 14. Rfe1
Bb7 15. Qg5 c5 16. dxc5 Nxc5 17. Bd3 h6 18. Qh4 Rad8 19. Nh2 Qe7 20. Ng4 h5
21. Ne3 Ncxe4 22. Bxe4 Nxe4 23. Qxe7 Rxe7 24. Ncd5 Ree8 25. Nc7 Rf8 26.
Ned5 Nf6 27. Re2 Nxd5 28. Nxd5 Bxd5 29. Rxd5 Kf6 30. Red2 Ke6 31. f3 Rd7
32. Kf2 h4 33. Ke3 Rc8 34. f4 f6 35. fxe5 fxe5 36. c3 Rc5 37. Ke4 Rxd5 38.
Rxd5 Rf7 39. Rd2 Rf1 40. Ke3 d5 41. Ke2 Rf4 42. Ke3 g5 43. Ke2 a5 44. Ke3
b4 45. axb4 axb4 46. Rc2 Rc4 47. Kd3 e4+ 48. Kd2 d4 49. cxd4 Rxc2+ 50. Kxc2
Kd5 0-1

[Event "Irish Championship 2012"]
[Site "Dublin IRL"]
[Date "2012.07.07"]
[Round "1.3"]
[White "Fitzsimons, David"]
[Black "Janusaitis, Mindaugas"]
[Result "1-0"]
[WhiteElo "2293"]
[BlackElo "2002"]
[WhiteICU "2258"]
[BlackICU "1948"]
[WhiteClub "Elm Mount"]
[BlackClub "Rathmines"]
[WhiteNationality "IRL"]
[BlackNationality "LTU"]
[WhiteFideId "2501961"]
[BlackFideId "12802530"]
[PlyCount "111"]
[EventDate "2012.07.07"]
[Source "Tournament web site"]

{ Event information: <a
href="https://www.irlchess.com/irlch2012_allfiles/pairings_irlch2012.html">Tournament
report</a>. }

1. e4 c5 2. Nf3 d6 3. Nc3 Nc6 4. Bb5 Bg4 5. Bxc6+ bxc6 6. h3 Bxf3 7. Qxf3
e5 8. d3 g6 9. O-O Bg7 10. Qg3 Nf6 11. Qh4 Nh5 12. Bg5 f6 13. Bd2 f5 14.
Bg5 Bf6 15. Bxf6 Qxf6 16. Qxf6 Nxf6 17. f4 exf4 18. Rxf4 Nh5 19. Rf2 f4 20.
e5 dxe5 21. Re1 O-O-O 22. Rxe5 Rhe8 23. Rxc5 Re1+ 24. Rf1 Rde8 25. Ne4
Rxf1+ 26. Kxf1 Kc7 27. Kf2 h6 28. Ra5 Kb6 29. b4 Ng3 30. Nxg3 fxg3+ 31.
Kxg3 Re2 32. Rc5 a5 33. a3 a4 34. Kf3 Re1 35. Ra5 Rc1 36. c4 Rc3 37. Rxa4
Rxd3+ 38. Ke4 Rg3 39. Ra8 Rxg2 40. c5+ Kb7 41. Rh8 Ra2 42. Rxh6 Rxa3 43.
Kd4 Rf3 44. Ke5 Rb3 45. Rh7+ Ka6 46. Kd6 g5 47. Kxc6 Rxb4 48. Rh8 Ka7 49.
Kc7 g4 50. c6 Rf4 51. hxg4 Rxg4 52. Kc8 Rg7 53. c7 Kb6 54. Rh6+ Ka7 55. Rc6
Rh7 56. Kd8 1-0

[Event "Irish Championship 2012"]
[Site "Dublin IRL"]
[Date "2012.07.07"]
[Round "1.4"]
[White "Cafolla, Peter"]
[Black "Firstov, Juri"]
[Result "1/2-1/2"]
[WhiteElo "1995"]
[BlackElo "2247"]
[WhiteICU "1914"]
[BlackICU "2218"]
[BlackClub "Phibsboro"]
[WhiteNationality "IRL"]
[BlackNationality "EST"]
[WhiteFideId "2500884"]
[BlackFideId "4501233"]
[PlyCount "82"]
[EventDate "2012.07.07"]
[Source "Tournament web site"]
[Annotator "Peter Cafolla (LCU blog)"]

{ Event information: <a
href="https://www.irlchess.com/irlch2012_allfiles/pairings_irlch2012.html">Tournament
report</a>. } { Annotator: Peter Cafolla, <a
href="https://web.archive.org/web/20120711161207/http://leinsterchess.com/blog/2012/07/irish-championship-games-round-1/">Irish
Championship Games Round 1</a>, LCU blog, July 7, 2012 (via the Wayback
Machine). }

1. e4 b6 2. Nc3 Bb7 3. Nf3 e6 4. Be2 Bb4 5. d3 Ne7 6. O-O Bxc3 7. bxc3 O-O
8. Nd2 e5 9. f4 exf4 10. Rxf4 d5 11. Bb2 Ng6 12. Rf2 dxe4 13. Nxe4 Bxe4 14.
dxe4 Qe7 { Usually I'm happy to have the Bishop pair in return for bad
structure but my pawns are pretty wretched here. } 15. Qd5 Nd7 16. Raf1
Nde5 17. Qb3 Rad8 18. a4 Qe6 $6 19. Rxf7 $1 Qxf7 20. Rxf7 Rxf7 21. Bc1 Kh8
22. g3 Rdf8 23. Be3 h6 24. a5 Nc6 25. axb6 axb6 26. c4 Na5 27. Qb5 Nb7 28.
c5 Nxc5 29. Bxc5 bxc5 30. Qxc5 Kh7 31. e5 Re7 32. Bd3 Rfe8 33. Qc6 $1 Re6
34. Qe4 $1 Kh8 ({ My opponent was in desperate time trouble here and I
lashed out my next move. After the game analyzing with Colm and David we
thought ( } 34... Kh8 { ) } 35. Bc4 { wins but Fritz found } 35... Rf6 $1 {
which we had overlooked. }) 35. h4 Nf8 { I had overlooked how good this is.
} 36. Qb7 c6 37. Bc4 R6e7 38. Qxc6 Rxe5 39. Qd6 Nh7 40. Bf7 Re1+ 41. Kf2
R8e2+ { Draw I am a bit better at the end and perhaps should play on but it
wouldn't have been without risk. } 1/2-1/2

[Event "Irish Championship 2012"]
[Site "Dublin IRL"]
[Date "2012.07.07"]
[Round "1.5"]
[White "Redmond, John P."]
[Black "Courtney, John"]
[Result "1/2-1/2"]
[WhiteElo "2234"]
[BlackElo "1962"]
[WhiteICU "2163"]
[BlackICU "1849"]
[WhiteClub "Atticus ENG"]
[BlackClub "Kilkenny"]
[WhiteNationality "IRL"]
[BlackNationality "IRL"]
[WhiteFideId "2500051"]
[BlackFideId "2502380"]
[PlyCount "45"]
[EventDate "2012.07.07"]
[Source "Tournament web site"]

{ Event information: <a
href="https://www.irlchess.com/irlch2012_allfiles/pairings_irlch2012.html">Tournament
report</a>. }

1. c4 Nf6 2. Nc3 c5 3. g3 e6 4. Nf3 b6 5. Bg2 Bb7 6. O-O Be7 7. Re1 Ne4 8.
Nxe4 Bxe4 9. d3 Bb7 10. e4 d6 11. Rb1 O-O 12. a3 d5 13. exd5 exd5 14. Ne5
Nd7 15. Bf4 Nxe5 16. Bxe5 Qd7 17. cxd5 Rfe8 18. Qb3 Rad8 19. d4 Bxd5 20.
Bxd5 Qxd5 21. Qxd5 Rxd5 22. dxc5 Bxc5 23. Bc3 1/2-1/2

[Event "Irish Championship 2012"]
[Site "Dublin IRL"]
[Date "2012.07.07"]
[Round "1.6"]
[White "King, Melvyn"]
[Black "Freeman, Gordon"]
[Result "0-1"]
[WhiteElo "1956"]
[BlackElo "2140"]
[WhiteICU "1716"]
[BlackICU "2107"]
[WhiteClub "Malahide"]
[BlackClub "Gonzaga"]
[WhiteNationality "IRL"]
[BlackNationality "IRL"]
[WhiteFideId "2503379"]
[BlackFideId "2501309"]
[PlyCount "42"]
[EventDate "2012.07.07"]
[Source "Tournament web site"]

{ Event information: <a
href="https://www.irlchess.com/irlch2012_allfiles/pairings_irlch2012.html">Tournament
report</a>. }

1. e4 b6 2. d4 Bb7 3. Bd3 e6 4. Be3 Nf6 5. f3 Nc6 6. c3 e5 7. Ne2 d5 8. Nd2
Bd6 9. O-O O-O 10. Qc2 exd4 11. Bxd4 Nxd4 12. Nxd4 Re8 13. exd5 Nxd5 14.
Nc4 g6 15. Nxd6 Qxd6 16. Qf2 c5 17. Nb5 Qd7 18. Qd2 Ne3 19. Rfe1 Nxg2 20.
Rxe8+ Rxe8 21. Kxg2 Qg4+ 0-1

[Event "Irish Championship 2012"]
[Site "Dublin IRL"]
[Date "2012.07.08"]
[Round "2.1"]
[White "Freeman, Gordon"]
[Black "Brady, Stephen"]
[Result "0-1"]
[BlackTitle "FM"]
[WhiteElo "2140"]
[BlackElo "2368"]
[WhiteICU "2107"]
[BlackICU "2372"]
[WhiteClub "Gonzaga"]
[BlackClub "Phibsboro"]
[WhiteNationality "IRL"]
[BlackNationality "IRL"]
[WhiteFideId "2501309"]
[BlackFideId "2500124"]
[PlyCount "74"]
[EventDate "2012.07.07"]
[Source "Tournament web site"]

{ Event information: <a
href="https://www.irlchess.com/irlch2012_allfiles/pairings_irlch2012.html">Tournament
report</a>. }

1. e4 e6 2. Nf3 d5 3. exd5 exd5 4. d4 Bd6 5. Nc3 c6 6. Bd3 Ne7 7. O-O O-O
8. Re1 Bf5 9. Bxf5 Nxf5 10. Qd3 g6 11. Bg5 f6 12. Bd2 Nd7 13. Re2 Re8 14.
Rae1 Rxe2 15. Qxe2 Nf8 16. Nd1 Qd7 17. Ne3 Re8 18. Qd3 Nxe3 19. Rxe3 Kf7
20. Rxe8 Qxe8 21. Qe3 Qe4 22. Ne1 Ne6 23. f3 Qxd4 24. Qxd4 Nxd4 25. Be3 Bc5
26. Kf2 Ne6 27. Nd3 Bxe3+ 28. Kxe3 Ke7 29. g4 g5 30. b4 Kd6 31. f4 Nxf4 32.
Nxf4 gxf4+ 33. Kxf4 Ke6 34. g5 fxg5+ 35. Kxg5 b6 36. Kh6 c5 37. Kxh7 d4 0-1

[Event "Irish Championship 2012"]
[Site "Dublin IRL"]
[Date "2012.07.08"]
[Round "2.2"]
[White "Daly, Colm"]
[Black "Fitzsimons, David"]
[Result "1/2-1/2"]
[WhiteTitle "FM"]
[WhiteElo "2327"]
[BlackElo "2293"]
[WhiteICU "2280"]
[BlackICU "2258"]
[WhiteClub "Bray/Greystones"]
[BlackClub "Elm Mount"]
[WhiteNationality "IRL"]
[BlackNationality "IRL"]
[WhiteFideId "2500434"]
[BlackFideId "2501961"]
[PlyCount "97"]
[EventDate "2012.07.07"]
[Source "Tournament web site"]
[Annotator "Colm Daly (LCU blog)"]

{ Event information: <a
href="https://www.irlchess.com/irlch2012_allfiles/pairings_irlch2012.html">Tournament
report</a>. } { Annotator: Colm Daly, <a
href="https://web.archive.org/web/20120711160845/http://leinsterchess.com/blog/2012/07/daly-fitzsimons/">Daly-Fitzsimons</a>,
LCU blog, July 9, 2012 (via the Wayback Machine). } { Other information:
Note: The version of the game annotated by Colm Daly differs from the pgn
provided by the organisers (which is the one given here); the finish in the
version annotated by Daly was 40. Qe7+ Kg6 41. d6 h4 42. Qe8+ Kg7 43. gxh4
Qg4+ 44. Kf1 Qh3+ 45. Kg1 Qg4+ 1/2-1/2. }

1. d4 Nf6 2. g3 c5 3. d5 b5 4. Bg2 d6 5. a4 b4 6. c3 Na6 7. Bg5 bxc3 8.
bxc3 g6 9. Bxf6 exf6 10. Nf3 Bg7 11. O-O O-O 12. Nfd2 f5 13. Nc4 Nb8 14.
Qd2 Ba6 15. Nba3 Qf6 16. Nb5 Rd8 17. Ra3 $5 Nd7 18. Na5 Bxb5 19. axb5 a6
20. b6 $1 Nxb6 21. Rb1 Rab8 22. Qa2 Nd7 23. Nc6 Rxb1+ 24. Qxb1 Re8 25. Qb7
Ne5 26. Qxa6 f4 27. Ra4 fxg3 28. hxg3 Qf5 $6 29. Qb5 h5 $2 30. Ra8 Qd7 31.
Bh3 Qxh3 32. Rxe8+ Kh7 33. Nxe5 Bxe5 34. Qc4 $1 g5 $1 { Black is lost anyay
so might as well just + have a go &#91;+&#93;. } 35. Rxe5 $5 { Looks like
the simple way to win quickly. } 35... dxe5 36. Qe4+ Kg7 37. Qxe5+ f6 38.
Qe7+ Kg6 39. Qe8+ Kg7 40. d6 h4 41. Qe7+ Kg6 42. Qe4+ Kg7 43. Qe7+ Kg6 44.
Qe8+ $2 ({ Quite incredible as now I was so worried about allowing a
threefold repeat of the position and my brain seemed to seize up. A very
simple win was to be had with just } 44. Qd8 { when according to chess
playing engine Houdini White is close to 11 pawns up. Main point is that
Black can never take on g3 because of Qg8 check and another check on the h
file. How on earth I failed to play this is something I simply do not yet
understand. A very very strange end to an otherwise well played game. To
say my technique let me down would be an understatement. }) 44... Kg7 45.
gxh4 $4 { In trying to avoid a threefold repeat of the position I allow an
even easier draw. } 45... Qg4+ 46. Kf1 Qh3+ 47. Kg1 Qg4+ 48. Kf1 Qh3+ 49.
Kg1 { A truly astounding result which I am at a loss to understand or
explain. That's chess for you I guess! } 1/2-1/2

[Event "Irish Championship 2012"]
[Site "Dublin IRL"]
[Date "2012.07.08"]
[Round "2.4"]
[White "Courtney, John"]
[Black "Cafolla, Peter"]
[Result "1/2-1/2"]
[WhiteElo "1962"]
[BlackElo "1995"]
[WhiteICU "1849"]
[BlackICU "1914"]
[WhiteClub "Kilkenny"]
[WhiteNationality "IRL"]
[BlackNationality "IRL"]
[WhiteFideId "2502380"]
[BlackFideId "2500884"]
[PlyCount "104"]
[EventDate "2012.07.07"]
[Source "Tournament web site"]

{ Event information: <a
href="https://www.irlchess.com/irlch2012_allfiles/pairings_irlch2012.html">Tournament
report</a>. }

1. d4 d5 2. c4 e6 3. Nc3 c5 4. cxd5 exd5 5. Nf3 Nc6 6. g3 Nf6 7. Bg2 Be7 8.
O-O O-O 9. Bg5 cxd4 10. Nxd4 h6 11. Be3 Bg4 12. h3 Be6 13. Nxe6 fxe6 14. f4
Qd7 15. Qd3 Rad8 16. Rfd1 Bd6 17. Bf2 Qf7 18. Rac1 Kh8 19. Nb5 Bb8 20. Qa3
e5 21. fxe5 Ne4 22. Be1 Bxe5 23. Rd3 a6 24. Rf3 Qg8 25. Nc3 Nd4 26. Rxf8
Rxf8 27. Bxe4 dxe4 28. Qc5 Rf5 29. Bf2 Bf4 30. Qxd4 Bxc1 31. Nxe4 Rd5 32.
Qc3 Qe6 33. Qxc1 Qxe4 34. Be3 Qe6 35. h4 Re5 36. Kf2 Qf7+ 37. Bf4 Re6 38.
Qc3 Rc6 39. Qe5 Qxa2 40. Qb8+ Kh7 41. Qxb7 Qd5 42. Qb4 Qc5+ 43. Qxc5 Rxc5
44. Be3 Rc4 45. Bd2 Kg6 46. Bc3 h5 47. Kf3 Kf7 48. e3 g6 49. Bd4 Ke6 50.
Kf4 a5 51. Kg5 Kf7 52. Kf4 Ke6 1/2-1/2

[Event "Irish Championship 2012"]
[Site "Dublin IRL"]
[Date "2012.07.08"]
[Round "2.5"]
[White "O'Rourke, Ray"]
[Black "Redmond, John P."]
[Result "0-1"]
[WhiteElo "2029"]
[BlackElo "2234"]
[WhiteICU "1883"]
[BlackICU "2163"]
[WhiteClub "Bray/Greystones"]
[BlackClub "Atticus ENG"]
[WhiteNationality "IRL"]
[BlackNationality "IRL"]
[WhiteFideId "2501023"]
[BlackFideId "2500051"]
[PlyCount "188"]
[EventDate "2012.07.07"]
[Source "Tournament web site"]

{ Event information: <a
href="https://www.irlchess.com/irlch2012_allfiles/pairings_irlch2012.html">Tournament
report</a>. }

1. d4 d5 2. Bf4 Nf6 3. Nf3 g6 4. e3 Bg7 5. Be2 O-O 6. Ne5 c5 7. c3 Nc6 8.
Nd2 Qb6 9. Qc1 Nd7 10. Nxd7 Bxd7 11. Nf3 Rac8 12. Qd2 Rfd8 13. h4 Bg4 14.
h5 Bxh5 15. Ne5 Bxe2 16. Nxc6 Rxc6 17. Qxe2 cxd4 18. exd4 Qa6 19. Qxa6 Rxa6
20. Kd2 h5 21. Rhe1 Rd7 22. Bg5 e6 23. b4 Rc6 24. a4 Rc4 25. Be3 Rdc7 26.
Ra3 e5 27. dxe5 Bxe5 28. Bc5 f6 29. a5 a6 30. Kd3 Kf7 31. g3 g5 32. Rb3 Kg6
33. Bd4 Bxd4 34. cxd4 Rc2 35. Re2 Rxe2 36. Kxe2 Re7+ 37. Kf1 Kf5 38. Rf3+
Ke6 39. b5 axb5 40. Rb3 Kf5 41. Rf3+ Kg6 42. Rb3 Rd7 43. Rxb5 Kf5 44. f3 g4
45. Kf2 Kg5 46. Rb6 Rc7 47. fxg4 Kxg4 48. Rxf6 Rc2+ 49. Ke3 Rc3+ 50. Kf2
Ra3 51. Rf4+ Kg5 52. Rf7 Rxa5 53. Rxb7 Ra2+ 54. Kf3 Ra3+ 55. Kf2 Ra2+ 56.
Kf3 Ra3+ 57. Kf2 Rd3 58. Rg7+ Kf6 59. Rh7 Kg6 60. Rh8 Rxd4 61. Rg8+ Kf5 62.
Rh8 Ke4 63. Rxh5 Rd2+ 64. Ke1 Rg2 65. Rg5 d4 66. Rg8 Ke3 67. Re8+ Kd3 68.
Rg8 Re2+ 69. Kf1 Kd2 70. Ra8 Re7 71. Ra2+ Kc3 72. Ra3+ Kc2 73. Ra6 d3 74.
Rc6+ Kd1 75. g4 Re4 76. g5 Rf4+ 77. Kg2 Rg4+ 78. Kf3 Rxg5 79. Rd6 Kd2 80.
Rd8 Re5 81. Ra8 Re7 82. Ra2+ Kc1 83. Ra1+ Kb2 84. Ra6 d2 85. Rb6+ Kc2 86.
Rc6+ Kb3 87. Rd6 Kc2 88. Rc6+ Kd1 89. Kf2 Re2+ 90. Kf1 Re8 91. Rf6 Re4 92.
Rc6 Rf4+ 93. Kg2 Ke2 94. Re6+ Kd3 0-1

[Event "Irish Championship 2012"]
[Site "Dublin IRL"]
[Date "2012.07.08"]
[Round "2.6"]
[White "Gedvilaite, Monika"]
[Black "Killane, Jack"]
[Result "1-0"]
[WhiteElo "1954"]
[BlackElo "2011"]
[WhiteICU "1965"]
[BlackICU "1794"]
[BlackClub "Rathmines"]
[WhiteNationality "IRL"]
[BlackNationality "IRL"]
[WhiteFideId "12809780"]
[BlackFideId "2500949"]
[PlyCount "51"]
[EventDate "2012.07.07"]
[Source "Tournament web site"]

{ Event information: <a
href="https://www.irlchess.com/irlch2012_allfiles/pairings_irlch2012.html">Tournament
report</a>. }

1. e4 e5 2. Nc3 Nf6 3. Bc4 Nc6 4. d3 d6 5. Nge2 Na5 6. Bb3 Nxb3 7. axb3 Be7
8. O-O O-O 9. f4 c6 10. Ng3 Qc7 11. fxe5 dxe5 12. Nf5 Bxf5 13. Rxf5 Rad8
14. Qf3 Ne8 15. Be3 b6 16. Qg3 f6 17. Rh5 Bc5 18. Bxc5 bxc5 19. Qe3 Rd4 20.
Ne2 Qd7 21. Nxd4 cxd4 22. Qh3 Qxh3 23. Rxh3 Rf7 24. Rf3 Nd6 25. Rff1 Rc7
26. Rfc1 1-0

[Event "Irish Championship 2012"]
[Site "Dublin IRL"]
[Date "2012.07.08"]
[Round "2.7"]
[White "Janusaitis, Mindaugas"]
[Black "King, Melvyn"]
[Result "1-0"]
[WhiteElo "2002"]
[BlackElo "1956"]
[WhiteICU "1948"]
[BlackICU "1716"]
[WhiteClub "Rathmines"]
[BlackClub "Malahide"]
[WhiteNationality "LTU"]
[BlackNationality "IRL"]
[WhiteFideId "12802530"]
[BlackFideId "2503379"]
[PlyCount "59"]
[EventDate "2012.07.07"]
[Source "Tournament web site"]

{ Event information: <a
href="https://www.irlchess.com/irlch2012_allfiles/pairings_irlch2012.html">Tournament
report</a>. }

1. e4 d5 2. exd5 Nf6 3. Nc3 Nxd5 4. Bc4 Nxc3 5. bxc3 e6 6. Nf3 Nd7 7. O-O
Bd6 8. d4 O-O 9. Bg5 Be7 10. Bf4 Nb6 11. Bd3 Nd5 12. Bd2 c6 13. Re1 b6 14.
Ne5 Bb7 15. Qh5 Nf6 16. Qh3 g6 17. Bh6 Nh5 18. Bxf8 Qxf8 19. Be4 Rc8 20.
Qf3 Qe8 21. c4 Nf6 22. a4 Nxe4 23. Qxe4 Bf6 24. a5 Qe7 25. axb6 axb6 26.
Ra7 Bxe5 27. Qxe5 Rc7 28. d5 cxd5 29. cxd5 Rxc2 30. Qb8+ 1-0

[Event "Irish Championship 2012"]
[Site "Dublin IRL"]
[Date "2012.07.09"]
[Round "3.1"]
[White "Brady, Stephen"]
[Black "Daly, Colm"]
[Result "1-0"]
[WhiteTitle "FM"]
[BlackTitle "FM"]
[WhiteElo "2368"]
[BlackElo "2327"]
[WhiteICU "2372"]
[BlackICU "2280"]
[WhiteClub "Phibsboro"]
[BlackClub "Bray/Greystones"]
[WhiteNationality "IRL"]
[BlackNationality "IRL"]
[WhiteFideId "2500124"]
[BlackFideId "2500434"]
[PlyCount "119"]
[EventDate "2012.07.07"]
[Source "Tournament web site"]

{ Event information: <a
href="https://www.irlchess.com/irlch2012_allfiles/pairings_irlch2012.html">Tournament
report</a>. } { Reference: <a
href="https://web.archive.org/web/20120711160845/http://leinsterchess.com/blog/2012/07/daly-fitzsimons/#comments">Comments
on "Daly - Fitzsimons"</a>, LCU Blog, July 9, 2012 onwards (commentary from
Colm Daly and Joe Ryan on this game). }

1. e4 c5 2. c3 Nf6 3. e5 Nd5 4. d4 cxd4 5. Nf3 Nc6 6. Bc4 Nb6 7. Bb3 d5 8.
exd6 Qxd6 9. O-O Be6 10. Bxe6 Qxe6 11. Nxd4 Nxd4 12. Qxd4 Rd8 13. Qh4 Qc4
14. Qg3 Qd3 15. Be3 Nc4 16. Na3 Nxe3 17. fxe3 f6 18. Qf3 Qd5 19. Qg4 Qd7
20. Qc4 Qc6 21. Qb3 e6 22. Nb5 Bc5 23. Nd4 Bxd4 24. exd4 O-O 25. Rae1 Rfe8
26. Re2 Qd5 27. Qxd5 exd5 28. Rxe8+ Rxe8 29. Rf5 Rd8 30. Kf2 Kf7 31. Ke3 g6
32. Rf1 h5 (32... Re8+ { followed by ... f5, ... Re4, ... Ke6 and then who
is better? It's dead equal I suppose. (Ryan) }) 33. Kd3 Rc8 34. b3 b5 35.
Ra1 Rb8 36. a4 bxa4 37. b4 { &ldquo;I missed b4! Thereafter it was still
just a draw but I should have played a7- a6 and Rb6 which is a pretty easy
position to play but after I allowed Ra6 I was in a difficult position and
still was complacent and deservedely lost.&rdquo; (Daly). } 37... Rb7 38.
Rxa4 h4 39. Ra6 Ke7 40. g3 hxg3 41. hxg3 Rc7 42. g4 g5 43. Ra5 Kd6 44. Ra1
Ke6 45. Ra6+ Ke7 46. b5 Rb7 47. c4 dxc4+ 48. Kxc4 Kf7 49. Kc5 Ke7 50. d5
Rc7+ 51. Rc6 Rb7 52. Re6+ Kf7 53. Ra6 Ke7 54. Kc6 Rd7 55. Ra1 Rd6+ 56. Kc5
Rd7 57. d6+ Ke6 58. Re1+ Kf7 59. Kc6 Rd8 60. Kc7 1-0

[Event "Irish Championship 2012"]
[Site "Dublin IRL"]
[Date "2012.07.09"]
[Round "3.2"]
[White "Redmond, John P."]
[Black "O'Connell, Gerard"]
[Result "1-0"]
[WhiteElo "2234"]
[BlackElo "2140"]
[WhiteICU "2163"]
[BlackICU "2106"]
[WhiteClub "Atticus ENG"]
[BlackClub "St. Benildus"]
[WhiteNationality "IRL"]
[BlackNationality "IRL"]
[WhiteFideId "2500051"]
[BlackFideId "2500493"]
[PlyCount "149"]
[EventDate "2012.07.07"]
[Source "Tournament web site"]

{ Event information: <a
href="https://www.irlchess.com/irlch2012_allfiles/pairings_irlch2012.html">Tournament
report</a>. }

1. c4 e6 2. g3 d5 3. Bg2 Nf6 4. Nf3 c6 5. O-O Nbd7 6. d4 Be7 7. Qc2 O-O 8.
Nbd2 b6 9. e4 dxe4 10. Nxe4 Bb7 11. Rd1 Qc8 12. Nxf6+ Nxf6 13. c5 Rd8 14.
Bg5 h6 15. Bxf6 Bxf6 16. Rac1 Qc7 17. Rd2 Rab8 18. b3 Ba6 19. Qe4 Rd5 20.
Rdc2 Bb7 21. h4 Rbd8 22. cxb6 Qxb6 23. Qe3 Bxd4 24. Nxd4 Rxd4 25. Kh2 R8d6
26. Qc3 Rd3 27. Qe5 Rd2 28. Qf4 Qd4 29. Qxd4 R6xd4 30. Kg1 Rd1+ 31. Rxd1
Rxd1+ 32. Kh2 Rd6 33. b4 a6 34. a4 Rd7 35. Bxc6 Bxc6 36. Rxc6 Rb7 37. Rxa6
Rxb4 38. h5 Rg4 39. f3 Rg5 40. g4 g6 41. hxg6 Rxg6 42. Rb6 Kg7 43. Rb5 Kf6
44. a5 Rg8 45. a6 Ra8 46. Ra5 Ra7 47. Kg3 Kg6 48. Kf4 Kf6 49. Ke4 Ke7 50.
Ke5 f6+ 51. Kf4 Kd6 52. Kg3 Ke7 53. Kh4 Kf7 54. Kh5 Kg7 55. Ra4 f5 56. gxf5
exf5 57. Ra1 Kh7 58. f4 Kg8 59. Kg6 Kf8 60. Kxf5 Kf7 61. Ra2 Ke7 62. Kg6 h5
63. Kxh5 Kf6 64. Kg4 Ke6 65. Ra5 Kf6 66. f5 Rg7+ 67. Kf4 Ra7 68. Ra1 Kf7
69. Kg5 Kg7 70. f6+ Kf7 71. Kf5 Kf8 72. Ke6 Ke8 73. Kd6 Kd8 74. Ra2 Kc8 75.
Ke6 1-0

[Event "Irish Championship 2012"]
[Site "Dublin IRL"]
[Date "2012.07.09"]
[Round "3.4"]
[White "Courtney, John"]
[Black "Firstov, Juri"]
[Result "0-1"]
[WhiteElo "1962"]
[BlackElo "2247"]
[WhiteICU "1849"]
[BlackICU "2218"]
[WhiteClub "Kilkenny"]
[BlackClub "Phibsboro"]
[WhiteNationality "IRL"]
[BlackNationality "EST"]
[WhiteFideId "2502380"]
[BlackFideId "4501233"]
[PlyCount "36"]
[EventDate "2012.07.07"]
[Source "Tournament web site"]

{ Event information: <a
href="https://www.irlchess.com/irlch2012_allfiles/pairings_irlch2012.html">Tournament
report</a>. } { Annotator: Alexander Baburin, <em>Sunday Independent</em>,
July 22, 2012 p. 28. }

1. d4 e6 2. c4 b6 3. Nc3 Bb7 4. e4 Bb4 5. f3 Bxc3+ 6. bxc3 d6 7. Be3 Ne7 8.
g4 f5 9. Bg2 O-O 10. Qd2 Nbc6 11. gxf5 exf5 12. a4 Na5 13. Qa2 Ng6 14. Nh3
Qe8 15. Ng5 Nh4 16. c5+ d5 17. e5 f4 18. Bc1 Qg6 0-1